| 000 -ლიდერი |
| ფიქსირებული სიგრძის საკონტროლო ველი |
01063nam a22001937a 4500 |
| 003 - საკონტროლო ნომრის იდენტიფიკატორი |
| საკონტროლო ველი |
Ge_BSU |
| 005 - ბოლო ოპერაციის თარიღი და დრო |
| საკონტროლო ველი |
20250429132555.0 |
| 008 - ფიქსირებული სიგრძის მონაცემთა ელემენტები - ზოგადი ინფორმაცია |
| ფიქსირებული სიგრძის საკონტროლო ველი |
250429s1987 ge ||||| |||| 00| 0 geo d |
| 041 ## - ენის კოდი |
| Language code of text/sound track or separate title |
geo |
| 080 ## - უნივერსალური ათობითი კლასიფიკაციის ინდექსი |
| Universal Decimal Classification number |
330.111.6 კ-94 |
| 100 ## - მთავარი ჩანაწერი - პიროვნების სახელი |
| Personal name |
კურტანიძე, დავით |
| 9 (RLIN) |
24962 |
| 245 ## - ცნობა სათაურის შესახებ |
| Title |
სოციალიზმამდელი წარმოებითი ურთიერთობების განვითარების კანონზომიერებანი / |
| Statement of responsibility, etc |
დავით კურტანიძე, გივი კალანდაძე; [რედ.: ნ. გვიშიანი]. |
| 264 ## - წარმოების, გამოცემის, დისტრიბუციის და სხვა ცნობები |
| გამოცემის, წარმოების, დისტრიბუციის... ადგილი |
თბილისი : |
| გამოცემის, წარმოების, დისტრიბუციის... სახელწოდება |
თბილ. უნ-ტის გამ-ბა, |
| გამოცემის, წარმოების, დისტრიბუციის... თარიღი |
1987. |
| 300 ## - ფიზიკური აღწერა |
| Extent |
501 გვ. ; |
| Other physical details |
21 სმ. |
| 653 ## - INDEX TERM--UNCONTROLLED |
| Uncontrolled term |
წარმოებითი ურთიერთობები |
| 700 ## - ADDED ENTRY--PERSONAL NAME |
| Personal name |
კალანდაძე, გივი |
| Relator term |
ავტორი |
| 9 (RLIN) |
8162 |
| 700 ## - ADDED ENTRY--PERSONAL NAME |
| Personal name |
გვიშიანი, ნ. |
| Relator term |
რედაქტორი |
| 9 (RLIN) |
24963 |
| 942 ## - ADDED ENTRY ELEMENTS (KOHA) |
| Source of classification or shelving scheme |
|
| Koha item type |
წიგნი |